000 00329nam a2200145Ia 4500
008 230718s9999 xx 000 0 und d
041 _aEng.
082 _a34506
_bBIN-C
100 _aBing, Inigo
245 0 _aCriminal Procedure
260 _aPakistan
_bSweet and Moudle
_c1999
300 _a506
650 _aLaw
999 _c28384
_d28384